A classical introduction to modern number theory
Сохранить в:
| Главные авторы: | , |
|---|---|
| Формат: | |
| Язык: | английский |
| Опубликовано: |
Providence, USA
Springer
1990
|
| Редактирование: | Second edition |
| Серии: | Graduate Texts in Mathematics, 84
|
| Предметы: | |
| Online-ссылка: | Disponible Online |
| Метки: |
Добавить метку
Нет меток, Требуется 1-ая метка записи!
|
MARC
| LEADER | 00000nam a2200000 a 4500 | ||
|---|---|---|---|
| 001 | UCJ0693 | ||
| 003 | CL-VaPUC | ||
| 005 | 20230712094023.0 | ||
| 008 | 060901e19900000US |||||||||||||||||eng|d | ||
| 999 | |c 317456 |d 317454 | ||
| 020 | |a 038797329X | ||
| 040 | |c Pontificia Universidad Católica de Valparaíso | ||
| 082 | 0 | 4 | |a 512.7 IRE 1990 |2 21 |
| 100 | |a Ireland, Kenneth |e author |9 566801 | ||
| 245 | 1 | 2 | |a A classical introduction to modern number theory |
| 250 | |a Second edition | ||
| 260 | |a Providence, USA |b Springer |c 1990 | ||
| 300 | |a 389 páginas | ||
| 490 | 0 | |a Graduate Texts in Mathematics, 84 | |
| 583 | |a last modification |c 20140408 10:53:46 |k Rodrigo Vera | ||
| 650 | 0 | |a Teoría de números |9 265327 | |
| 650 | 0 | |a Números naturales |9 266064 | |
| 650 | 0 | |a Ecuaciones |9 260137 | |
| 700 | 0 | |a Rosen, Michael |e author |9 500970 | |
| 856 | |u http://bibliografiadigital.pucv.cl.pucv.idm.oclc.org/index.php/bibliotecapucv/catalog/book/513 |y Disponible Online | ||
| 942 | |c BK |2 ddc | ||
| 945 | |d 20060901 00:00:00 |a cmena | ||
| 952 | |0 0 |1 0 |4 0 |6 512_700000000000000_IRE_1990 |7 0 |8 A |9 393846 |a BIBMAT |b BIBMAT |d 2019-11-22 |i 4270959 |o 512.7 IRE 1990 |p 4270959 |r 2025-01-07 |w 2019-11-22 |y BK |k MAT | ||
| 952 | |0 0 |1 0 |4 0 |6 512_700000000000000_IRE_1990 |7 0 |8 A |9 393847 |a BIBMAT |b BIBMAT |d 2019-11-22 |i 4270967 |o 512.7 IRE 1990 |p 4270967 |r 2025-01-07 |w 2019-11-22 |y BK |k MAT | ||
| 952 | |0 0 |1 0 |4 0 |6 512_700000000000000_IRE_1990 |7 0 |8 A |9 393848 |a BIBMAT |b BIBMAT |d 2019-11-22 |i 4270975 |o 512.7 IRE 1990 |p 4270975 |r 2025-01-07 |w 2019-11-22 |y BK |k MAT | ||